| 000 | 00000nam##2200000za#4500 |
| 001 | 9.644060 |
| 003 | CaOODSP |
| 005 | 20210624224452 |
| 007 | cr ||||||||||| |
| 008 | 150407|2010||||xxc|||||o f|0| 0 fre|d |
| 040 | |aCaOODSP|bfre |
| 043 | |an-cn--- |
| 086 | 1 |aCP32-89/7-2010F-PDF |
| 110 | 1 |aCanada.|bConseil privé. |
| 245 | 13|aLe vol 182 d'Air India, une tragédie canadienne. Volume cinq : |h[ressource électronique]|bfinancement du terrorisme / |cPublié par la Commission d'enquête relative aux mesures d'investigation prises à la suite de l'attentat à la bombe commis contre le vol 182 d'Air India. |
| 260 | |aOttawa - Ontario : |bConseil privé |cc2010. |
| 300 | |a288p. |
| 500 | |aLe n° de catalogue (CP32-89/2-2010F) et l'ISBN (978-0-660-97348-7) ont été copiés dans l'édition PDF. Cette publication a déjà été signalée dans la Liste hebdomadaire 10-24 comme un partie de CP32-89/2-2010F-PDF. |
| 590 | |a14-22-Supp|b2014-12-24 |
| 775 | 08|tAir India Flight 182, a Canadian tragedy. Volume five : |w(CaOODSP)9.700157 |
| 776 | 0#|tLe vol 182 d'Air India - une tragédie canadienne. Volume deux / |w(CaOODSP)9.684686 |
| 856 | 40|ahttp://publications.gc.ca|qPDF|s1661 Ko|uhttps://publications.gc.ca/collections/collection_2010/bcp-pco/CP32-89-2-2010-5-fra.pdf |